Statistical Quality Control (Record no. 3157)

MARC details
005 - DATE AND TIME OF LATEST TRANSACTION
control field 20250623085957.0
020 ## - INTERNATIONAL STANDARD BOOK NUMBER
International Standard Book Number 0-8493-2347-9
082 ## - DEWEY DECIMAL CLASSIFICATION NUMBER
Classification number TEA LM 620.004 CHA
100 ## - MAIN ENTRY--PERSONAL NAME
Author name CHANDRA, M. J.
245 ## - TITLE STATEMENT
Title Statistical Quality Control
260 ## - PUBLICATION, DISTRIBUTION, ETC.
Place of publication, distribution, etc. New York,
Name of publisher, distributor, etc. CRC Press,
Date of publication, distribution, etc. 2001.
300 ## - PHYSICAL DESCRIPTION
Extent 282p.: Ill.; figures & table
Other physical details Index.
Dimensions 23cm.
856 ## - ELECTRONIC LOCATION AND ACCESS
Link text Access Online Book
Electronic name Statistical Quality Control
Path www.crcpress.com
942 ## - ADDED ENTRY ELEMENTS (KOHA)
Source of classification or shelving scheme Dewey Decimal Classification
Koha item type Books
Holdings
Date last seen Total checkouts Full call number Barcode Cost, replacement price Price effective from Koha item type Lost status Source of classification or shelving scheme Damaged status Not for loan Withdrawn status Home library Current library Shelving location Date acquired Cost, normal purchase price
06/04/2025   TEA LM 620.004 CHA 00000011074 356220.00 06/04/2025 Books   Dewey Decimal Classification       College of Business Education Main Library College of Business Education Main Library General Collection 04/22/2005 118740.00
06/04/2025   TEA LM 620.004 CHA 00000011075 356220.00 06/04/2025 Books   Dewey Decimal Classification       College of Business Education Main Library College of Business Education Main Library General Collection 04/22/2005 118740.00